000
00449nam a2200181Ia 4500
008
090124s9999 xx 000 0 und d
082
_b
28814
_a
7183
100
_a
शेळके उध्दव ज.
245
_a
धग
250
_a
1
260
_c
1960
300
_a
274
600
_a
शेळके उध्दव ज.
630
_a
धग
700
_a
शेळके उध्दव ज.
730
_a
धग
942
_c
BOOK
999
_c
142268
_d
142268